| 000 | 00723nam a22002057a 4500 | ||
|---|---|---|---|
| 003 | BD-DhUL | ||
| 005 | 20190328154008.0 | ||
| 008 | 160127s1993 bg ||||| |||| 00| 0 ben | ||
| 040 |
_aBD-DhUL _cBD-DhUL |
||
| 082 |
_a323.4 _bSAS |
||
| 100 | 1 | _a ইসলাম, সাইফুল | |
| 245 | 1 | 0 |
_aস্বাধীনতা ভাসামী ভারত / _cসাইফুল ইসলাম |
| 250 | _a২য় পরিবর্ধিত সং. | ||
| 260 |
_aঢাকা : _bবস্তু, _c১৯৯৩। |
||
| 300 |
_a২৩৬ পৃ. ; _b _c২১ সেমি. |
||
| 365 |
_aBDT _b160 |
||
| 651 | 4 |
_aবাংলাদেশ _xইতিহাস |
|
| 651 | 4 |
_aBangladesh _xHistory |
|
| 942 |
_2ddc _cBK |
||
| 999 |
_c203515 _d203515 |
||